000 00650nam a2200193 a 4500
008 120416s1983 ||||||||||||||||| || u
020 _a0070064547
050 _aHQ 759 BOM
100 _aBombeck, Erma
245 1 0 _aMotherhood, the second oldest profession /
246 _athe second oldest profession
260 _aNew York :
_bMcGraw-Hill
_c1983
300 _avii, 177p.
350 _a0.00
650 _aMOTHERHOOD
650 _aMotherhood - Humor
650 _aMothers - Anecdotes
995 _D0.00
_FCBU-MAIN LIBRARY (Kitwe)
_H1
_I12.95
_M1
_UAVAILABLE
_ZMain Library Open Access Collection
999 _c51709
_d51709